Afgansko-uzbecká spolupráca ako jeden z možných faktorov stabilizácie afganskej ekonomiky

Súčasný stav a problémy ekonomickej obnovy Afganistanu. Afganistan ako zdroj nových príležitostí využiteľných ako základ pre konštruktívne regionálne projekty. Faktory ovplyvňujúce možnosti postkonfliktnej ekonomickej obnovy Afganistanu. Uzbekistan a jeho aktívne úsilie o ekonomickú spoluprácu s Afg...

Description complète

Enregistré dans:
Détails bibliographiques
Auteur principal: Čech, Ľubomír, 1955-
Format: Chapitre de livre
Langue:slovaque
Sujets:
Tags: Ajouter un tag
Pas de tags, Soyez le premier à ajouter un tag!

MARC

LEADER 00000naa$a2200000$$$4500
001 0281349
005 20240502074358.4
041 0 |a slo 
044 |a SK 
245 1 0 |a Afgansko-uzbecká spolupráca ako jeden z možných faktorov stabilizácie afganskej ekonomiky  |c Ľubomír Čech 
520 |a Súčasný stav a problémy ekonomickej obnovy Afganistanu. Afganistan ako zdroj nových príležitostí využiteľných ako základ pre konštruktívne regionálne projekty. Faktory ovplyvňujúce možnosti postkonfliktnej ekonomickej obnovy Afganistanu. Uzbekistan a jeho aktívne úsilie o ekonomickú spoluprácu s Afganistanom. 
610 2 0 |a spolupráca medzinárodná 
610 2 0 |a vzťahy medzinárodné 
610 2 0 |a stredná Ázia 
610 2 0 |a Afganistan 
610 2 0 |a Uzbekistan 
100 1 |a Čech, Ľubomír, 1955-